000 00660nam a2200241Ia 4500
003 OSt
005 20220923230631.0
006 a|||||r|||| 00| 0
007 ta
008 220922b |||||||| |||| 00| 0 hin d
024 _a285,803
037 _cTextual
040 _aARTS
_cARTS
_bhin
041 _2hin
_ahin
082 _aQ2:22:g(V2), M8
100 _aकुंवरलाल
_9156277
245 0 _aपुराणों में इतिहास
246 _aPurāṇoan mean itihāsa
260 _c1988
650 _aधर्म
942 _hQ2:22:g(V2), M8
_cTEXL
_2CC
999 _c386181
_d386181